| 000 | 00428nam a2200133Ia 4500 | ||
|---|---|---|---|
| 008 | 220217s9999 xx 000 0 und d | ||
| 100 | _aShera Mathew | ||
| 245 | 0 | _aStudies on heat sensitization of natural rubber latex using poly vinyl methyl ether as sensitizer | |
| 260 |
_bCochin University of Science and Technology _a Kochi _c1998 |
||
| 300 | _a75 | ||
| 500 | _aCourse: M.Tech | ||
| 700 | _aKS Gopalakrishnan | ||
| 942 | _cTS | ||
| 999 |
_c74486 _d74486 |
||